MARC details
| 000 -CABECERA |
| campo de control de longitud fija |
02059nam a2200349 i 4500 |
| 003 - IDENTIFICADOR DEL NÚMERO DE CONTROL |
| campo de control |
DO-SdBNP |
| 005 - FECHA Y HORA DE LA ÚLTIMA TRANSACCIÓN |
| campo de control |
20251009130555.0 |
| 007 - CAMPO FIJO DE DESCRIPCIÓN FÍSICA--INFORMACIÓN GENERAL |
| campo de control de longitud fija |
ta |
| 008 - DATOS DE LONGITUD FIJA--INFORMACIÓN GENERAL |
| campo de control de longitud fija |
221104e2022 dr |||gr|||| 001 edspa d |
| 020 ## - NÚMERO INTERNACIONAL ESTÁNDAR DEL LIBRO |
| Número Internacional Estándar del Libro |
9798632034494 v.1 |
| 020 ## - NÚMERO INTERNACIONAL ESTÁNDAR DEL LIBRO |
| Número Internacional Estándar del Libro |
9798434734332 v.2 |
| 040 ## - FUENTE DE LA CATALOGACIÓN |
| Centro catalogador/agencia de origen |
DO-SdBNP |
| Lengua de catalogación |
spa |
| Centro/agencia transcriptor |
BNPHU |
| 041 ## - CÓDIGO DE LENGUA |
| Código de lengua del texto/banda sonora o título independiente |
spa |
| 082 #4 - NÚMERO DE LA CLASIFICACIÓN DECIMAL DEWEY |
| Número de clasificación |
RD861.5 |
| Número de documento/Ítem |
A634p |
| Número de edición |
22 |
| 245 10 - MENCIÓN DE TÍTULO |
| Título |
Antología de poetas veganos / |
| Mención de responsabilidad, etc. |
William Acevedo Fernández |
| 264 #1 - PRODUCCIÓN, PUBLICACIÓN, DISTRIBUCIÓN, FABRICACIÓN Y COPYRIGHT |
| Producción, publicación, distribución, fabricación y copyright |
La Vega, República Dominicana : |
| Nombre del de productor, editor, distribuidor, fabricante |
[editor no identificado] ; |
| Fecha de producción, publicación, distribución, fabricación o copyright |
2022. |
| 300 ## - DESCRIPCIÓN FÍSICA |
| Extensión |
volúmenes ; |
| Dimensiones |
23 cm. |
| 336 ## - TIPO DE CONTENIDO |
| Término de tipo de contenido |
texto |
| Código de tipo de contenido |
txt |
| Fuente |
rdacontent |
| 337 ## - TIPO DE MEDIO |
| Nombre/término del tipo de medio |
sin mediación |
| Código del tipo de medio |
n |
| Fuente |
rdamedia |
| 338 ## - TIPO DE SOPORTE |
| Nombre/término del tipo de soporte |
volumen |
| Código del tipo de soporte |
nc |
| Fuente |
rdacarrier |
| 500 ## - NOTA GENERAL |
| Nota general |
Incluye biografía del autor en las páginas 9 al 13 en v.1 y v.2 |
| 504 ## - NOTA DE BIBLIOGRAFÍA, ETC. |
| Nota de bibliografía, etc. |
Bibliografía : v.1, p. 191 - 194.-- Bibliografía : v.2, p. 199 - 201 |
| 505 ## - NOTA DE CONTENIDO CON FORMATO |
| Nota de contenido con formato |
v.1: |
| Título |
Pedro Antonio Valdez.-- |
| -- |
William Acevedo Fernández.-- |
| -- |
Alfredo Rafael Hernández.-- |
| -- |
Patri Quisqueya Concepción.-- |
| -- |
Pastor de Moya.-- |
| -- |
Mignolia Acevedo Fernández.-- |
| -- |
Fausto Leonardo Henríquez.-- |
| -- |
José Mármol.-- |
| -- |
Florencio Silia Eduardo.-- |
| -- |
Miguel Ángel Durán Ureña.-- |
| -- |
Berkis Contreras.-- |
| -- |
Carlos José Salcedo.-- |
| -- |
María Reina Leonardo.-- |
| -- |
José Agustín Concepción.-- |
| -- |
Rafael Concepción Brito.-- |
| -- |
Rafael Dionicio Conepción. |
| 505 ## - NOTA DE CONTENIDO CON FORMATO |
| Nota de contenido con formato |
v.2 |
| Título |
Juan Bosch.-- |
| -- |
Rubén Suro.-- |
| -- |
Francisco Cruz Rodríguez (Maquín).-- |
| -- |
Víctor Escarramán Hernández.-- |
| -- |
Cristian Paulino Baldera.-- |
| -- |
Eduardo Muñoz Domíguez.-- |
| -- |
Tomás Abreu.-- |
| -- |
Fernando Valerio Holguín.-- |
| -- |
Henry Santos.-- |
| -- |
Erasmo Vásquez.-- |
| -- |
Ramón Cordero.-- |
| -- |
Nelson Cruz.-- |
| -- |
Jorge Suarez.-- |
| -- |
Elías Herrera.-- |
| -- |
Luis Lora Sánchez.-- |
| -- |
Francisco Javier Santiago.-- |
| -- |
William Acevedo Fernández.-- |
| -- |
Rita Díaz Blanco. |
| 590 ## - NOTA LOCAL (RLIN) |
| Nota local |
Inventariado 2022 / MF |
| 650 #4 - PUNTO DE ACCESO ADICIONAL DE MATERIA--TÉRMINO DE MATERIA |
| Término de materia o nombre geográfico como elemento de entrada |
Concepción de la Vega ( República Dominicana) |
| Subdivisión general |
Poesía |
| 9 (RLIN) |
86810 |
| 650 #4 - PUNTO DE ACCESO ADICIONAL DE MATERIA--TÉRMINO DE MATERIA |
| Término de materia o nombre geográfico como elemento de entrada |
Literatura dominicana |
| 9 (RLIN) |
80984 |
| Subdivisión de forma |
Colecciones |
| 650 #0 - PUNTO DE ACCESO ADICIONAL DE MATERIA--TÉRMINO DE MATERIA |
| Término de materia o nombre geográfico como elemento de entrada |
Antología literaria |
| 9 (RLIN) |
20495 |
| 650 #4 - PUNTO DE ACCESO ADICIONAL DE MATERIA--TÉRMINO DE MATERIA |
| Término de materia o nombre geográfico como elemento de entrada |
Poetas dominicanos |
| Subdivisión de forma |
Biografías |
| 9 (RLIN) |
23611 |
| 910 ## - DATOS DE OPCIÓN DEL USUARIO (OCLC) |
| Datos de opción del usuario |
MFélix |
| 942 ## - ELEMENTOS DE PUNTO DE ACCESO ADICIONAL (KOHA) |
| Fuente del sistema de clasificación o colocación |
Dewey Decimal Classification |
| Tipo de ítem Koha |
Libro |